Districts de Hunger Games - Carte Quiz - Statistiques

Statistiques générales
  • Ce quiz a été pris 509 fois
  • Le résultat moyen est 3 sur 14
Réponses sur la Carte
Les réponses sont colorées sur une échelle allant du rouge au vert en fonction du pourcentage des utilisateurs qui les ont devinées à leur premier essai. Vous pouvez retrouver ces pourcentages ci-dessous.
 
Statistiques - réponses
Réponse % Correct
Capitole
71%
District 12
49%
District 1
40%
District 13
37%
District 4
35%
District 2
24%
District 11
23%
District 7
14%
District 3
12%
District 6
10%
District 10
9%
District 5
8%
District 9
8%
District 8
6%
Aucun quiz correspondant
Distribution des résultats
% des personnes avec chaque résultat
Percentile par nombre de réponses
Votre historique - résultats
Vous n’avez pas pris ce quiz